000 00472nam a2200169Ia 4500
999 _c28390
_d28390
003 OSt
005 20210101102930.0
008 190216s9999||||xx |||||||||||||| ||und||
040 _coclc
082 _a894.812301
_bPRA/M
100 _aPrabhasankar
_98055
245 0 _aManga /
_cPrabhasankar
260 _bPoorna Publications,
_aKozhikode:
_c2003.
300 _a92p
650 _aMalayalam
942 _cBK
_2ddc
_h894.812301
_iPRA/M
_k894.812301
_mPRA/M